000
00144nam a22000857a 4500
082
_a
823
100
_a
BRAM STOKER
245
_a
DRACULA
942
_c
BK
999
_c
8381
_d
8381